Ecofeminism (Record no. 394721)

MARC details
000 -LEADER
fixed length control field 00490 a2200205 4500
005 - DATE & TIME
control field 20260415115005.0
008 - FIXED-LENGTH DATA ELEMENTS--GENERAL INFORMATION
fixed length control field 260415b |||||||| |||| 00| 0 eng d
020 ## - ISBN
International Standard Book Number 9788131603222
Price Rs. 1295.00
040 ## - CATALOGING SOURCE
Original cataloging agency VIVEKANANDA LIBRARY
082 ## - DDC NUMBER
Classification number 301.412
Book Number M586E
100 ## - MAIN ENTRY--PERSONAL NAME
Personal name Mies, Maria
245 ## - TITLE STATEMENT
Title Ecofeminism
260 ## - PUBLICATION, DISTRIBUTION, ETC. (IMPRINT)
Name of publisher, distributor, etc Rawat Publications
Place of publication, distribution, etc Jaipur
Date of publication, distribution, etc 2010
300 ## - PHYSICAL DESCRIPTION
Pages 328
650 ## - Subject
Subject Sociology
650 ## - Subject
Subject Social Groups
650 ## - Subject
Subject Feminism
700 ## - Added Entry Personal Name
Added Entry Personal Name Shiva, Vandana
942 ## - ADDED ENTRY ELEMENTS (KOHA)
Koha item type Books
Holdings
Withdrawn status Lost status Source of classification or shelving scheme Damaged status Not for loan Location (home branch) Sublocation or collection (holding branch) Shelving location Date acquired Koha issues (times borrowed) Koha full call number Accession No. Koha date last seen Koha item type
    Dewey Decimal Classification     VIVEKANANDA LIBRARY VIVEKANANDA LIBRARY Vivekananda Library 30/03/2026   301.412 M586E 450053 30/03/2026 Books
© Designed and Maintained by Vivekananda Library, MDU Rohtak